Krishnanurti for beginners:an anthology. (Record no. 113867)

MARC details
000 -LEADER
fixed length control field 00431nam a2200157Ia 4500
008 - FIXED-LENGTH DATA ELEMENTS--GENERAL INFORMATION
fixed length control field 210210b1998 xxu||||| |||| 00| 0 eng d
020 ## - INTERNATIONAL STANDARD BOOK NUMBER
International Standard Book Number 81 87326 01 8
082 ## - DEWEY DECIMAL CLASSIFICATION NUMBER
Classification number 181.4 KRIK
100 ## - MAIN ENTRY--PERSONAL NAME
Personal name KRISHNAMURTI (J).
245 ## - TITLE STATEMENT
Title Krishnanurti for beginners:an anthology.
260 ## - PUBLICATION, DISTRIBUTION, ETC.
Place of publication, distribution, etc. Chennai
Name of publisher, distributor, etc. Krishnamurti Foundation India
Date of publication, distribution, etc. 1998
300 ## - PHYSICAL DESCRIPTION
Extent 240
650 ## - SUBJECT ADDED ENTRY--TOPICAL TERM
Topical term or geographic name entry element Jiddu Krishnamurti
690 ## - LOCAL SUBJECT ADDED ENTRY--TOPICAL TERM (OCLC, RLIN)
Topical term or geographic name as entry element Indian Philosophy
906 ## - LOCAL DATA ELEMENT F, LDF (RLIN)
a SG03374
Holdings
Withdrawn status Lost status Damaged status Not for loan Collection code Home library Current library Shelving location Date acquired Source of acquisition Cost, normal purchase price Total Checkouts Full call number Barcode Date last seen Price effective from Koha item type
          St Aloysius Library St Aloysius Library   02/17/2021 Athree Book Centre, Mangalore-01. 0.00   181.4 KRIK SG03374 02/17/2021 02/17/2021 Special Grants